MDQL
is popping MORE tags! Check the
thread
!
Quizzes
Events
Quiz Creation
Community
Videos
Private Events
Remove Ads
Sign In
Join for FREE
Feedback
Dark Mode
Quiz Categories
Sports
Geography
Music
Movies
Television
Just For Fun
Miscellaneous
History
Literature
Language
Science
Gaming
Entertainment
Religion
Holiday
For Kids
Quiz Lab
Recent
Popular Today
Quiz Kudos Today
Editor Picks
Curator Picks
Quizzes by...
Day
Popularity
Type
Ratings
Length
Year
Community
Subscriptions
Recent Discussions
Orange Saloon
Badges
Playlists
Quests
Create
Leaderboards
Showdown
Live 5
Trivia Bingo
Activity
Puzzle Library
Sporcle Events
Private Events
Virtual Trivia
Globe League
Become a Host
Pub Owners
SporcleCon
Opinionation
Our Games
Videos
Blog
Mobile Apps
Partnerships
Remove Ads and Go Orange
Feedback
Sports
Athletes
MLB
NBA
NHL
NFL
Soccer
Sports Teams
WWE
NCAA
Football
Premier League
Basketball
Baseball
Hockey
Golf
Tennis
Cricket
Rugby
Auto Racing
Olympics
World Cup
Sports
Athletes
MLB
NBA
NHL
NFL
Soccer
Sports Teams
WWE
NCAA
Football
Premier League
Basketball
Baseball
Hockey
Golf
Tennis
Cricket
Rugby
Auto Racing
Olympics
World Cup
Random Quiz
Search Sporcle
×
Quiz Lab
Quiz Lab
Sports
Football
Type in answers that appear in a list
Type in answers that appear in a list
Classic
Best Score? Go Orange.
Standard 2007/2008 Stats
Pouvez-vous trouver tous les joueurs alignés par le Standard en championnat en 2007/2008 ?
By
SportFootMag
10m
25 Questions
571 Plays
571 Plays
571 Plays
Comments
Comments
Give Quiz Kudos
Give Quiz Kudos
-
- Ratings
hide this ad
More Info
Replay
Link that replays current quiz
Next Quiz
Link to next quiz in quiz playlist
You Got
0%
They Got
Avg Score
56%
Avg Friend Score
Upgrade to see
Score Distribution
Jump to the score distribution portion of the page
Score
0/25
Timer
10:00
0
Plays Today
Position et nationalité
Joueur
% Correct
M -
BEL
Axel Witsel
98.9%
M -
BEL
Steven Defour
94.6%
M -
BEL
Marouane Fellaini
93.5%
A -
SRB
Milan Jovanovic
92.8%
A -
COD
Dieumerci Mbokani
91.8%
G -
ECU
Rorys Aragon Espinoza
84.6%
D -
USA
Oguchi Onyewu
83.5%
D -
BRA
Dante Bonfim
82.3%
D -
HAI
Réginal Goreux
81.6%
D -
SEN
Mohamed Sarr
78.3%
A -
BEL
Igor de Camargo
75.5%
D -
BRA
Marcos Camozzato
72.2%
G -
BEL
Olivier Renard
55.3%
Position et nationalité
Joueur
% Correct
M -
ISR
Salim Toama
43.4%
D -
COD
Landry Mulemo
41.3%
M -
BEL
Grégory Dufer
41.3%
G -
BEL
Jérémy De Vriendt
35.4%
M -
FRA
Siramana Dembélé
30.1%
D -
BEL
Marco Ingrao
21.9%
M -
BEL
Vittorio Villano
21.4%
D -
FRA
Thomas Phibel
20.1%
A -
COD
Ali Lukunku
18.6%
M -
BEL
Yanis Papassarantis
16.8%
D -
BRA
Fred
15.4%
D -
BEL
Frédéric Dupré
12.3%
Quiz Playlist
Details
Report
Send in Message
Add To Playlist
More Info:
Pouvez-vous trouver tous les joueurs alignés par le Standard en championnat en 2007/2008 ? Source : transfermarkt
Classic:
Type in answers that appear in a list
Last Updated: Mar 20, 2020
Quiz Scoreboard
CHALLENGE
Sign Up to Join the Scoreboard
Show All
Scores
Hide
Comments
May contain spoilers
Recently Published
Find the 'City' Movie
by crazypaving
Movies
60s
5x2 Blitz: Bands
by SL_Kpop136
Music
30s
Colored Red Africa Blitz
by spor1
Geography
30s
More to Explore
Quiz From the Vault
Featured Blog Post
14 Easter Pick-up Lines to Find Eggs With
hide this ad
You Might Also Like...
Tags
Football Quiz
Soccer Quiz
Today's Top Quizzes in Sports
Browse Sports
hide this ad
Today's Top Quizzes in Football
Browse Football
Top Contributed Quizzes in Sports
1
Les entraîneurs de l'OM et du PSG au 21e siècle
2
Les meilleurs buteurs des matchs entre le PSG et l’OM
3
Players with Multiple 50 Home Run Seasons
4
2022 World Cup Stars
5
Les joueurs passés par le PSG et l'OM
6
NBA Logic Puzzle 2.0
7
Criteria MLB: Left Handed Sluggers
8
MLB Players with Two .350 Batting Average Seasons
9
Top 10 NHL Goal Scorers of All Time
10
Who Hit More Homers?
Explore More
Trending Topics
Kpop
Harry Potter
Crossword
NBA
Marvel
Disney
Anime
Song
The Office
Pokémon
Puzzle
NFL
Soccer
WWE
Country
hide this ad
More By:
SportFootMag
Quiz
Plays
Rating
Category
Featured
Created
Joueurs PSG depuis QSI
21,827
5.00
Sports
May 20, 2020
Joueurs Real Madrid sous Zidane
17,147
5.00
Sports
May 26, 2020
Joueurs FC Barcelone sous Guardiola
14,710
5.00
Sports
May 24, 2020
Français Arsenal
12,496
5.00
Sports
May 2, 2020
Buteurs Clasico
11,955
5.00
Sports
May 11, 2020
Go to Creator's Profile
Score Distribution
Quiz Creator Spotlight
SportFootMag
Follow
Send a Message
Quizzes Created
-
Created Quiz Play Count
-
More By This Creator
Popular Quizzes Today
1
Colored Red Africa Blitz
2
Find the 'City' Movie
3
Find the US States - No Outlines Minefield
4
5x2 Blitz: Bands
5
The Countries of the World
6
Find the US States
7
Find the Countries of Europe - No Outlines Minefield
8
US States
More Sports Quizzes
Higher or Lower: Stanley Cup
Quiz Lab
Trending Quizzes
Colored Red Europe Blitz I
Colored Red Europe Blitz II
Colored Red Africa Blitz II
Colored Red Europe Blitz III
Colored Red Africa Blitz III
Recently Updated
How Do You Spell That?
pecheneg
Godzilla Movies
pecheneg
Grab Bag: 4-10 Letters
pecheneg
2024 March Madness Bracket
pecheneg
Famous TV Couples
Peacemaker
Champions League XIs: Real Madrid
pecheneg
Largest US Cities 1790-2010
pecheneg
Rides in Walt Disney World
pecheneg
Most Oscar Losses (Acting)
pecheneg
Beyoncé Albums
pecheneg
Trending Topics
Kpop
Harry Potter
NBA
Marvel
Anime
Disney
Crossword
Country
Puzzle
Soccer
WWE
The Office
Pokémon
NFL
Song
Your Account Isn't Verified!
In order to create a playlist on Sporcle, you need to verify the email address you used during registration. Go to your
Sporcle Settings
to finish the process.
Report this User
Report this user for behavior that violates our
Community Guidelines
.
Details:
Send Report
Go to the Sporcle.com Mobile Site →
Comments